Statistics for Taylor Swift Songs Based On Synonyms

Click here to take the quiz!

General Stats

  • This quiz has been taken 184 times
  • The average score is 6 of 12

Answer Stats

SynonymsSong% Correct
My Teardrops ReverberateMy Tears Ricochet
82%
Rufescent, Scarlet, or VermillionRed
76%
FragileDelicate
69%
Quiver It AwayShake It Off
66%
Dear BibliomaniacDear Reader
59%
This Day Was A Terminological InexactitudeToday Was A Fairytale
59%
Melancholic, Pulchritudinous, CatatrophicSad, Beautiful, Tragic
54%
Pale FoulWhite Horse
51%
Sextilis (Six month in Latin)August
50%
Approach In With The CloudburstCome In With The Rain
48%
Newfangled UtopianNew Romantics
21%
Unassailable and SubstantialSafe and Sound
12%

Score Distribution

Percentile by Number Answered

Percent of People with Each Score

Your Score History

You have not taken this quiz